The entrepreneurial venture : readings selected /

This book is about: Strategies and tactics for starting, acquiring, and growing the vemture; Innovation and entrepreneurship in the larger company; Entrepreneurship in the nonprofit sector; ...

में बचाया:
ग्रंथसूची विवरण
अन्य लेखक: Stevenson, Howard H., Roberts, Michael J., Bhidé, Amar., Sahlman, William A.
स्वरूप: पुस्तक
भाषा:English
प्रकाशित: Boston MA : Harvard Business School Press, 1999.
संस्करण:2nd ed.
विषय:
टैग : टैग जोड़ें
कोई टैग नहीं, इस रिकॉर्ड को टैग करने वाले पहले व्यक्ति बनें!
Thư viện lưu trữ: Mạng thư viện Đại học Đà Nẵng
LEADER 01342cam a2200421 i 4500
001 000048651
003 8373
005 20030317135826.0
008 010321|1999 vm 000 eng
020 |a 0875848923 
040 |a IRC  |c IRC  |d IRC 
041 0 |a eng 
082 1 4 |a 658.421  |b En-V 
245 0 4 |a The entrepreneurial venture :  |b readings selected /  |c William A. Sahlman, Howard H. Stevenson, Michael J. Roberts, Amar Bhidé. 
250 |a 2nd ed. 
260 |a Boston MA :  |b Harvard Business School Press,  |c 1999. 
300 |a x, 609 p. :  |b ill. ;  |c 25cm. 
520 3 |a This book is about: Strategies and tactics for starting, acquiring, and growing the vemture; Innovation and entrepreneurship in the larger company; Entrepreneurship in the nonprofit sector; ... 
630 0 4 |a Business. 
630 0 4 |a Management. 
630 0 4 |a Enterprises. 
630 0 4 |a Entrepreneurship. 
650 0 4 |a Entrepreneurship. 
650 0 4 |a New business enterprises. 
700 1 |a Stevenson, Howard H. 
700 1 |a Roberts, Michael J. 
700 1 |a Bhidé, Amar. 
700 1 |a Sahlman, William A. 
OWN |a DUT 
999 |a From the UDN01 
TYP |a Monograph 
TYP |a Printed language 
980 |a Mạng thư viện Đại học Đà Nẵng